[Event "Campeonato de Aragon por Equipos 2009"]
[Site "Aragon"]
[Date "2009.01.31"]
[Round "2.3"]
[White "Arregui Untoria Carlos"]
[Black "Cortes Lizano Jesus"]
[Result "1/2-1/2"]
[WhiteElo "2003"]
[BlackElo "2231"]

1.d4 d5 2.c4 c6 3.cxd5 cxd5 4.Nc3 Nf6 5.Bf4 e6 6.Nf3 Ne4 7.e3 Nxc3 8.bxc3 Nc6
9.Qb3 Be7 10.Bb5 O-O 11.O-O Na5 12.Qc2 Bd7 13.Bxd7 Qxd7 14.Ne5 Qe8 15.a4 Bf6
16.Nd3 Qc6 17.Rfc1 b6 18.Ra2 Rfc8 19.f3 Qd7 20.g4 h6 21.Be5 Be7 22.Bg3 f6 23.
Nf4 Bf8 24.e4 Bd6 25.Nh5 Bxg3 26.hxg3 dxe4 27.Qxe4 f5 28.gxf5 exf5 29.Qe3 Nc4
30.Qxh6 Qf7 31.Qg5 Rc6 32.Rh2 Rg6 33.Qh4 Rh6 34.Re1 Nd6 35.Qe7 Rc8 36.Qxf7+
Kxf7 37.Re3 Rc4 38.a5 Ra4 39.Re1 Rxa5 40.Nf4 Rxh2 41.Kxh2 Nb5 42.Nd5 Nxd4 43.
Re7+ Kf8 44.cxd4 Rxd5 45.Rxa7 Rxd4 46.Rb7 Rb4 47.f4 Kg8 48.Kg2 Kh7 49.Kf3 Rb3+
50.Ke2 Kh6 51.Kd2 g6 52.Kc2 Rb5 53.Kc3 Kh5 54.Re7 Rc5+ 55.Kd4 Rc6 56.Kd5 Rc3
57.Rb7 Rb3 58.Ke5 Rxg3 59.Rxb6 Ra3 60.Rb4 Ra5+ 61.Kf6 Ra6+ 62.Ke5 Kg4 63.Rc4
Ra1 64.Kf6 Kh5 65.Rb4 Re1 66.Rb2 Ra1 67.Rb4 Rc1 68.Ra4 Rc6+ 69.Ke5 1/2-1/2

[Event "Campeonato de Aragon por Equipos 2009"]
[Site "Aragon"]
[Date "2009.01.31"]
[Round "2.4"]
[White "Maza Broto Pablo"]
[Black "Cebollada Pacheco Jesus Raul"]
[Result "1-0"]
[WhiteElo "1980"]
[BlackElo "1992"]

1.e4 c5 2.Nf3 e6 3.Nc3 Nc6 4.Bb5 Qc7 5.O-O a6 6.Bxc6 dxc6 7.d3 Bd6 8.Be3 b5 9.
h3 Bb7 10.Qd2 Nf6 11.Nh4 Be7 12.f4 Nxe4 $2 (12...O-O $5 13.Qf2 Nd7) (12...Nd5
$2 13.exd5 cxd5 14.Bf2) (12...c4 $5 13.dxc4 $2 b4) 13.Nxe4 Bxh4 14.Bxc5 Be7
15.Qf2 Bxc5 $4 16.Nxc5 O-O 17.d4 Rad8 18.c3 Rd5 19.b4 a5 20.a3 a4 21.Rae1 Rfd8
22.Re3 Bc8 23.Rg3 Qe7 24.Qf3 Kh8 25.Nd3 Bb7 26.Re1 c5 27.Qg4 f5 28.Rxe6 Qf8
29.Qh5 cxd4 30.Ne5 Kg8 31.cxd4 Rxd4 32.Rh6 Qe8 33.Rxg7+ Kxg7 34.Rxh7+ 1-0

[Event "Campeonato de Aragon por Equipos 2009"]
[Site "Aragon"]
[Date "2009.01.31"]
[Round "2.5"]
[White "Hinojar Basa Alfonso"]
[Black "Adla Diego"]
[Result "0-1"]
[WhiteElo "2216"]
[BlackElo "2508"]

1.e4 c5 2.Nc3 e6 3.Nf3 a6 4.g3 Nc6 5.Bg2 Nf6 6.O-O d6 7.d4 cxd4 8.Nxd4 Nd7 9.
Be3 Be7 10.Qe2 O-O 11.Rad1 Rb8 12.a4 Re8 13.f4 Bf8 14.g4 g6 15.Qf2 Qc7 16.Qh4
Bg7 17.Nde2 b5 18.axb5 axb5 19.e5 dxe5 20.f5 Nd4 21.Rxd4 exd4 22.Nxd4 Qe5 23.
Bf2 Bb7 24.Re1 Qf4 25.Ndxb5 Bxg2 26.fxg6 hxg6 27.Kxg2 Bxc3 28.Bg3 Bxe1 0-1

[Event "Campeonato de Aragon por Equipos 2009"]
[Site "Aragon"]
[Date "2009.01.31"]
[Round "2.6"]
[White "Glavina Rossi Pablo"]
[Black "Fabre Perez Jose Maria"]
[Result "1-0"]
[WhiteElo "2465"]
[BlackElo "2093"]

1.d4 Nf6 2.c4 e6 3.g3 c5 4.d5 exd5 5.cxd5 d6 6.Nc3 g6 7.Nf3 Bg7 8.Bg2 O-O 9.
O-O a6 10.a4 Bg4 11.Nd2 Qc8 12.Nc4 Qc7 13.Bf4 Rd8 14.a5 Nh5 15.Bg5 Re8 16.h3
Bxc3 17.bxc3 Bxe2 18.Re1 Bxd1 19.Rxe8+ Kg7 20.Nb6 Nc6 21.Rxa8 Nxa5 22.Bd8 1-0

[Event "Campeonato de Aragon por Equipos 2009"]
[Site "Aragon"]
[Date "2009.01.31"]
[Round "2.7"]
[White "Sancho Cortes Miguel Angel"]
[Black "Moreno Gracia Daniel"]
[Result "0-1"]
[WhiteElo "2212"]
[BlackElo "2092"]

1.d4 Nf6 2.Nf3 e6 3.e3 c5 4.Bd3 b6 5.O-O Bb7 6.c4 Nc6 7.Nc3 d5 8.cxd5 exd5 9.
Qe2 Be7 10.Rd1 cxd4 11.Nxd4 Nxd4 12.exd4 O-O 13.Bg5 Re8 14.Qf3 Ne4 15.Bxe7
Qxe7 16.Bb5 Rec8 17.Rac1 Qb4 18.Bd7 Rd8 19.Bf5 Qxb2 20.Nxe4 dxe4 21.Bxe4 Bxe4
22.Qxe4 Qxa2 23.d5 Rd7 24.h3 Rad8 25.Ra1 Qb2 26.Ra6 Qb5 27.Rda1 Qxd5 28.Qxd5
Rxd5 29.Rxa7 Rd1+ 30.Rxd1 Rxd1+ 31.Kh2 Kf8 32.Rb7 Rd6 33.Kg3 Rf6 34.f4 Ke8 35.
f5 Kd8 36.Kf4 Kc8 37.Re7 b5 38.g4 b4 39.Re3 Rb6 40.Rb3 Kc7 41.Ke5 Kc6 42.Kd4
Kb5 43.Kd5 Ra6 44.Re3 Ra7 45.Re8 Rd7+ 46.Ke4 Kc4 47.g5 b3 48.f6 gxf6 49.gxf6
b2 0-1

[Event "Campeonato de Aragon por Equipos 2009"]
[Site "Aragon"]
[Date "2009.01.31"]
[Round "2.8"]
[White "Quintin Navarro Alberto"]
[Black "Ruiperez Ramon"]
[Result "0-1"]
[WhiteElo "2098"]
[BlackElo "1834"]

1.d4 d5 2.c4 e5 3.dxe5 d4 4.Nf3 Nc6 5.a3 Nge7 6.b4 Ng6 7.Bb2 a5 8.b5 Ncxe5 9.
Nxe5 Nxe5 10.Qxd4 Qxd4 11.Bxd4 Nxc4 12.e3 Be6 13.Be2 Bd6 14.Bf3 O-O-O 15.O-O
Be5 16.Bxe5 Nxe5 17.Nc3 Nxf3+ 18.gxf3 Bh3 19.Rfd1 Rxd1+ 20.Rxd1 Rd8 21.Rxd8+
Kxd8 22.Ne4 Be6 23.a4 Bd5 24.Kf1 Bxe4 25.fxe4 c6 26.bxc6 b5 27.Ke1 b4 28.e5
Kc7 29.f4 Kxc6 30.h4 Kd5 31.Ke2 Ke4 32.Kd2 g6 33.Ke2 b3 0-1

[Event "Campeonato de Aragon por Equipos 2009"]
[Site "Aragon"]
[Date "2009.01.31"]
[Round "2.9"]
[White "Ramon Perez Jose Luis"]
[Black "Valles Mata David"]
[Result "1/2-1/2"]
[WhiteElo "2315"]
[BlackElo "2147"]

1.e4 e6 2.d4 d5 3.e5 c5 4.c3 Nc6 5.Nf3 Bd7 6.a3 f6 7.Bd3 fxe5 8.Nxe5 Nxe5 9.
dxe5 Ne7 10.O-O Qc7 11.Re1 O-O-O 12.b4 c4 13.Bc2 Nc6 14.f4 Be7 15.Be3 h6 16.
Bg6 Kb8 17.Qh5 Be8 18.Nd2 Rf8 19.Bxe8 Rfxe8 20.Nf3 g5 21.Qxh6 gxf4 22.Bf2 Bf8
23.Qxf4 Qh7 24.Nd4 Bh6 25.Nxc6+ bxc6 26.Qd4 Rh8 27.Bg3 Rdg8 28.Rf1 Rxg3 29.
hxg3 Bg5 30.Kf2 Qc2+ 31.Kg1 Qh7 32.Kf2 Qc2+ 1/2-1/2

[Event "Campeonato de Aragon por Equipos 2009"]
[Site "Aragon"]
[Date "2009.01.31"]
[Round "2.10"]
[White "Alsina Franco Sergi"]
[Black "Remiro Juste Fernando Jose"]
[Result "1/2-1/2"]
[WhiteElo "2112"]
[BlackElo "2314"]

1.e4 c5 2.c3 d5 3.exd5 Qxd5 4.d4 Nc6 5.Nf3 Nf6 6.Be2 cxd4 7.cxd4 Bg4 8.h3 Bh5
9.Nc3 Qa5 10.O-O e6 11.a3 Be7 12.Be3 O-O 13.Nd2 Bxe2 14.Qxe2 Nd5 15.Nce4 Rac8
16.Nb3 Qd8 17.Rfd1 b6 18.Rac1 h6 19.Nc3 Nb8 20.Nb5 Qd7 21.Bd2 a6 22.Nc3 Nxc3
23.Bxc3 Qd5 24.Nd2 Bg5 25.Rc2 Bxd2 26.Rcxd2 b5 27.Rd3 Nd7 28.Re3 Kh8 29.Rdd3
Nf6 30.Rf3 1/2-1/2

[Event "Campeonato de Aragon por Equipos 2009"]
[Site "Aragon"]
[Date "2009.01.31"]
[Round "2.11"]
[White "Mimbela Lopez Miguel Angel"]
[Black "Lopez Alaya Carlos"]
[Result "1-0"]
[WhiteElo "2210"]
[BlackElo "2014"]

1.d4 d5 2.c4 e6 3.Nc3 c6 4.e4 Bb4 5.e5 Ne7 6.Nf3 Nd7 7.Bd3 dxc4 8.Bxc4 Nd5 9.
O-O N5b6 10.Qb3 Nxc4 11.Qxc4 Bxc3 12.bxc3 Qa5 13.Bd2 Qb5 14.Qb3 Nb6 15.Ng5 Bd7
16.Ne4 Nc4 17.Qxc4 1-0

[Event "Campeonato de Aragon por Equipos 2009"]
[Site "Aragon"]
[Date "2009.01.31"]
[Round "2.12"]
[White "Cuello Borau Jorge"]
[Black "Valiente Gimenez Jose Luis"]
[Result "0-1"]
[WhiteElo "1863"]
[BlackElo "2117"]

1.d4 Nf6 2.c4 e6 3.Nc3 Bb4 4.Qc2 O-O 5.a3 Bxc3+ 6.Qxc3 b6 7.f3 d5 8.cxd5 exd5
9.Bf4 c6 10.Bxb8 Rxb8 11.Qxc6 Bd7 12.Qc2 Re8 13.Kf2 Rc8 14.Qd3 Qe7 15.g3 a6
16.e3 Ba4 17.Ne2 Bc2 18.Qd2 Be4 19.Nc3 Bxf3 20.Kxf3 Rxc3 21.Qxc3 Qe4+ 22.Kf2
Qxh1 23.Qc6 Ng4+ 0-1

[Event "Campeonato de Aragon por Equipos 2009"]
[Site "Aragon"]
[Date "2009.01.31"]
[Round "2.13"]
[White "Guzman Moneo Alberto"]
[Black "Baron Rodriguez Jesus"]
[Result "0-1"]
[WhiteElo "2231"]
[BlackElo "2422"]

1.d4 d5 2.Bf4 Nf6 3.e3 e6 4.Nd2 Bd6 5.Bg3 b6 6.c3 Bb7 7.Ngf3 Nbd7 8.Ne5 O-O 9.
f4 Ne4 10.Nxe4 dxe4 11.Qa4 Nb8 12.Qc2 Qe7 13.Bc4 f6 14.Ng4 Bd5 15.Bb3 Nd7 16.
O-O-O b5 17.Bh4 Qf7 18.Nf2 Qh5 19.Bg3 f5 20.Nh3 Nb6 21.Ng5 Nc4 22.Bf2 h6 23.
Nh3 a5 24.Bxc4 bxc4 25.Qa4 Rfb8 26.Be1 Rb6 27.Nf2 Qe2 28.Rd2 Qxe3 29.g3 0-1

[Event "Campeonato de Aragon por Equipos 2009"]
[Site "Aragon"]
[Date "2009.01.31"]
[Round "2.14"]
[White "Baron Rodriguez Jorge"]
[Black "Navarro Alonso Jorge Luis"]
[Result "0-1"]
[WhiteElo "2346"]
[BlackElo "2176"]

1.e4 c5 2.Nf3 e6 3.d4 cxd4 4.Nxd4 Nc6 5.Nc3 a6 6.Be2 Qc7 7.O-O Nf6 8.Be3 b5 9.
Nxc6 dxc6 10.Bf3 Bb7 11.a4 Bd6 12.g3 O-O 13.Bg2 b4 14.Nb1 c5 15.Nd2 Rfd8 16.
Qe2 a5 17.Rfd1 Ba6 18.Qe1 Be5 19.Rab1 Ng4 20.Nb3 Nxe3 21.Qxe3 Bd4 22.Qg5 h6
23.Qh5 g6 24.Qxh6 Bxb2 25.Qg5 Bd4 26.h4 Kg7 27.h5 Be2 28.Rd2 Bxh5 29.Nxd4 Rxd4
30.Rxd4 cxd4 31.e5 Rc8 32.Be4 Qd8 33.Qd2 Rc5 34.Qd3 Rxe5 35.Bg2 Be2 36.Qd2 d3
37.Re1 Rc5 38.cxd3 Bh5 39.d4 Rc3 40.d5 exd5 41.Re5 d4 42.Bd5 Qf6 43.Qxd4 Bf3
44.Bxf3 Rxf3 45.Rd5 Qxd4 46.Rxd4 Ra3 0-1

[Event "Campeonato de Aragon por Equipos 2009"]
[Site "Aragon"]
[Date "2009.01.31"]
[Round "2.15"]
[White "Montes Santos Lorenzo"]
[Black "Antolin Concha Diego"]
[Result "0-1"]
[WhiteElo "2089"]
[BlackElo "2122"]

1.Nf3 Nf6 2.c4 e6 3.g3 d5 4.Bg2 dxc4 5.Qa4+ c6 6.Qxc4 b5 7.Qc2 Bb7 8.O-O Be7
9.d4 O-O 10.Rd1 Qb6 11.Bg5 h6 12.Bxf6 Bxf6 13.e4 Nd7 14.e5 Be7 15.Nc3 Rac8 16.
Qe2 a6 17.Rac1 Rfd8 18.Ne4 c5 19.dxc5 Nxc5 20.Nxc5 Bxc5 21.Ne1 Bxg2 22.Nxg2
Bd4 23.Nf4 Rc5 24.Rxc5 Qxc5 25.Nd3 Qd5 26.b3 Bxe5 27.Nb2 Bd4 28.Nd3 e5 29.Rc1
a5 30.Qc2 Bb6 31.Qc6 e4 32.Nf4 Qd4 33.Rc2 e3 34.fxe3 Qxe3+ 35.Kg2 Qg1+ 36.Kh3
b4 37.Qf3 Qd4 38.Re2 Bc7 39.Kg2 Bxf4 40.Qxf4 Qxf4 41.gxf4 Rd3 42.Rf2 Kf8 43.
Re2 Kg8 44.Rf2 Kh7 45.Kf1 Kg6 46.Re2 Rf3+ 47.Rf2 Rxf2+ 48.Kxf2 Kf5 49.Ke3 g5
50.fxg5 hxg5 51.Kf3 Ke5 52.Kg4 f6 53.h4 gxh4 54.Kxh4 Kd4 0-1

[Event "Campeonato de Aragon por Equipos 2009"]
[Site "Aragon"]
[Date "2009.01.31"]
[Round "2.16"]
[White "Castillo Sanjuan Alejandro"]
[Black "Cerrajeria Ruiz Jesus Maria"]
[Result "0-1"]
[WhiteElo "1999"]
[BlackElo "2079"]

1.d4 Nf6 2.c4 c5 3.d5 b5 4.Nd2 g6 5.e4 d6 6.b3 Bg7 7.Bb2 O-O 8.Qc2 e6 9.Ngf3
bxc4 10.bxc4 exd5 11.cxd5 Na6 12.a3 Rb8 13.Bc3 Re8 14.Be2 Nc7 15.O-O Ncxd5 16.
e5 Bf5 17.Bd3 Bxd3 18.Qxd3 Nxc3 19.Qxc3 Ng4 20.Rad1 Nxe5 21.Nxe5 Bxe5 22.Qd3
d5 23.Rfe1 c4 24.Qf3 c3 25.Nf1 c2 26.Rc1 Bxh2+ 27.Kxh2 Rxe1 28.Rxe1 Qc7+ 29.
Ng3 Rb1 0-1

[Event "Campeonato de Aragon por Equipos 2009"]
[Site "Aragon"]
[Date "2009.01.31"]
[Round "2.17"]
[White "Ruiz Diez Julio Cesar"]
[Black "Ramiro Ovejero Juan Luis"]
[Result "1/2-1/2"]
[WhiteElo "2299"]
[BlackElo "2345"]

1.e4 c5 2.Nf3 e6 3.d4 cxd4 4.Nxd4 Nc6 5.Nc3 Qc7 6.Be2 a6 7.O-O Nf6 8.Be3 Bb4
9.Nxc6 bxc6 10.Qd4 Bd6 11.h3 Bh2+ 12.Kh1 Be5 13.Qd3 d5 14.exd5 cxd5 15.Na4 Rb8
16.Rac1 Bd7 17.b3 Bb5 18.c4 dxc4 19.Qc2 Bxa4 20.bxa4 c3 21.f4 Nd5 22.Qe4 Bf6
23.Bxa6 O-O 24.Bb5 Rfd8 25.Bd4 Bxd4 26.Qxd4 Rb6 27.f5 e5 28.Qe4 Nf4 29.Rf3
1/2-1/2

[Event "Campeonato de Aragon por Equipos 2009"]
[Site "Aragon"]
[Date "2009.01.31"]
[Round "2.18"]
[White "Alonso Fernandez Revuelta Rodri"]
[Black "Glaria Murillo Christian"]
[Result "0-1"]
[WhiteElo "2129"]
[BlackElo "2154"]

1.e4 c5 2.Nf3 d6 3.d4 cxd4 4.Qxd4 a6 5.c4 Nc6 6.Qd2 g6 7.b3 Bg7 8.Bb2 Nf6 9.
Nc3 Bg4 10.Be2 O-O 11.O-O Qa5 12.Rfd1 Nd7 13.a3 Rfc8 14.b4 Qd8 15.Nd5 Bxf3 16.
gxf3 Bxb2 17.Qxb2 e5 18.Kh1 Nb6 19.f4 Nd4 20.Rxd4 exd4 21.Qxd4 Nxd5 22.exd5 a5
23.b5 Qc7 24.f5 Qe7 25.fxg6 hxg6 26.Bg4 Re8 27.Rd1 Qe4+ 28.Kg1 f5 0-1

[Event "Campeonato de Aragon por Equipos 2009"]
[Site "Aragon"]
[Date "2009.01.31"]
[Round "2.19"]
[White "Jimenez Fernandez Alejandro"]
[Black "Galvez Perez Jose Luis"]
[Result "1-0"]
[WhiteElo "1984"]
[BlackElo "2072"]

1.d4 d6 2.Nf3 g6 3.c4 Bg7 4.Nc3 Nf6 5.e4 O-O 6.Be2 Na6 7.O-O e5 8.Re1 exd4 9.
Nxd4 Nc5 10.f3 h6 11.b4 Ne6 12.Be3 Nh5 13.Nxe6 fxe6 14.Qd2 g5 15.Rad1 a5 16.b5
b6 17.Bf1 Qe8 18.g3 Rxf3 19.Bg2 g4 20.Bxf3 gxf3 21.Bf2 Qg6 22.Nd5 exd5 23.
Qxd5+ Kh7 24.Qxa8 Qg4 25.e5 Nf4 26.Qe4+ 1-0

[Event "Campeonato de Aragon por Equipos 2009"]
[Site "Aragon"]
[Date "2009.01.31"]
[Round "2.20"]
[White "Carraminana Lopez Luis Antonio"]
[Black "Garcia Monterde Francisco Jose"]
[Result "0-1"]
[WhiteElo "1961"]
[BlackElo "1929"]

1.e4 g6 2.d4 Bg7 3.c3 c6 4.Bd3 d5 5.Nd2 dxe4 6.Nxe4 Bf5 7.Nf3 Bxe4 8.Bxe4 Nf6
9.Bd3 O-O 10.O-O Nbd7 11.c4 Qc7 12.Re1 e6 13.Be3 c5 14.Qd2 cxd4 15.Bxd4 Rfd8
16.Qc3 Rac8 17.Red1 a6 18.a4 Qf4 19.Ne5 Nd5 20.Qd2 Nxe5 21.Bxe5 Bxe5 0-1

[Event "Campeonato de Aragon por Equipos 2009"]
[Site "Aragon"]
[Date "2009.01.31"]
[Round "2.21"]
[White "Sicilia Ruiz Manuel"]
[Black "Chueca Forcen Alberto"]
[Result "1/2-1/2"]
[WhiteElo "2153"]
[BlackElo "2278"]

1.d4 Nf6 2.Nf3 e6 3.e3 c5 4.Bd3 b6 5.c4 Bb7 6.O-O cxd4 7.exd4 Be7 8.Nc3 d6 9.
Qe2 Nbd7 10.Re1 Rc8 11.b3 O-O 12.Bb2 Qc7 13.Rad1 Rfd8 14.Bb1 d5 15.Ne5 Nf8 16.
Rd3 dxc4 17.bxc4 Ba6 18.Nb5 Bxb5 19.cxb5 Nd5 20.Nc6 Nf4 21.Qf3 Nxd3 22.Bxd3
Re8 23.g3 Bf6 24.h4 Nd7 25.Re4 a6 26.a4 Ra8 27.Rf4 axb5 28.Bxb5 Rec8 29.Ba3 e5
30.Rxf6 e4 31.Qxe4 Nxf6 32.Qf3 Re8 33.Be7 Rac8 34.Bxf6 gxf6 35.Qxf6 Re6 36.
Qg5+ Rg6 37.Ne7+ Kg7 38.Nxg6 Qc1+ 39.Qxc1 Rxc1+ 40.Kg2 hxg6 41.d5 Rd1 42.Bc6
Kf6 43.Kf3 Ke7 44.Kf4 f6 45.f3 Rh1 46.Ke4 Kd6 47.Kf4 Re1 48.g4 Re5 49.g5 Rf5+
50.Kg4 fxg5 51.hxg5 Ke5 52.Be8 Rf4+ 53.Kg3 Kf5 54.Bxg6+ Kxg5 55.Be8 Rd4 56.Bc6
Kf5 57.Bd7+ Ke5 58.Bc6 Rc4 59.Kf2 Rc3 60.Kg3 Rc2 61.Bb7 Kf5 62.Bc6 Rc4 63.Bd7+
Ke5 64.Bc6 Rd4 65.Kf2 Rd3 66.Kg3 Rd1 67.f4+ Kf5 68.Bd7+ Ke4 69.Bc6 Rg1+ 70.Kf2
Rc1 71.Kg3 Rg1+ 72.Kf2 Rg8 73.d6+ Kxf4 74.d7 Ke5 75.Bb5 Kd6 76.Ke3 Kc7 77.Kd4
Rg5 78.Ke4 Rh5 79.Kd4 Rg5 80.Ke4 Rh5 1/2-1/2

[Event "Campeonato de Aragon por Equipos 2009"]
[Site "Aragon"]
[Date "2009.01.31"]
[Round "2.22"]
[White "Melendez Fierro Juan Bautista"]
[Black "Fernandez Urrutia Gallo Carlos"]
[Result "1-0"]
[WhiteElo "1998"]
[BlackElo "2249"]

1.e4 e5 2.Nf3 Nf6 3.Nxe5 d6 4.Nf3 Nxe4 5.c4 Be7 6.d4 d5 7.Nc3 Nf6 8.Bf4 O-O 9.
c5 Re8 10.Be2 c6 11.O-O Nbd7 12.b4 Nf8 13.Ne5 Ng6 14.Nxg6 hxg6 15.b5 Ne4 16.
Nxe4 dxe4 17.bxc6 bxc6 18.Qa4 Qd7 19.Rfd1 a5 20.Rab1 Ba6 21.Bxa6 Rxa6 22.d5
Bxc5 23.Be3 Bxe3 24.fxe3 Qa7 25.Rd4 Rb8 26.Rxb8+ Qxb8 27.Rxe4 Rb6 28.dxc6 Rb1+
29.Kf2 Qb2+ 30.Kg3 Qb8+ 31.Kh3 Qc8+ 32.g4 Qa6 33.Qc4 Rb6 34.Qxa6 Rxa6 35.Re8+
1-0

[Event "Campeonato de Aragon por Equipos 2009"]
[Site "Aragon"]
[Date "2009.01.31"]
[Round "2.23"]
[White "Larrosa Moles Marcos"]
[Black "Hernando Garcia Antonio"]
[Result "0-1"]
[WhiteElo "1873"]
[BlackElo "2202"]

1.d4 d5 2.Nf3 Nf6 3.e3 e6 4.Bd3 c5 5.c3 Nbd7 6.Nbd2 Be7 7.O-O O-O 8.Re1 b6 9.
e4 dxe4 10.Nxe4 Bb7 11.Bf4 cxd4 12.cxd4 Nxe4 13.Bxe4 Bxe4 14.Rxe4 Nf6 15.Re2
Nd5 16.Bg3 Qd7 17.a3 Rac8 18.Qb3 Qc6 19.Rd1 Qc4 20.Qxc4 Rxc4 21.Ne5 Rcc8 22.h3
Bd6 23.Rdd2 Rc1+ 24.Kh2 Bxe5 25.Bxe5 Rfc8 26.h4 h5 27.Bg3 Kf8 28.Be5 f6 29.Bg3
Kf7 30.Bd6 R8c6 31.Bg3 a5 32.f3 a4 33.Re1 Rxe1 34.Bxe1 Rc1 35.Bg3 Ke7 36.Bb8
Rc8 37.Bg3 b5 38.Re2 Kd7 39.Be1 Rc4 40.Rd2 Rc1 41.Bf2 Nb6 42.d5 Nxd5 43.Be3
Rc4 44.Bd4 Kc6 45.Kg3 e5 46.Bf2 Rc1 47.Re2 Kd6 48.Rd2 Ke6 49.Ba7 Rc4 50.Bf2
Ne7 51.Kh2 Nf5 52.g3 Nd4 53.Kg2 Rc2 54.Rxc2 Nxc2 55.Bc5 Ne1+ 56.Kf1 Nxf3 57.
Ke2 Nd4+ 58.Ke3 Kd5 59.Bf8 g6 0-1

[Event "Campeonato de Aragon por Equipos 2009"]
[Site "Aragon"]
[Date "2009.01.31"]
[Round "2.24"]
[White "Sarto Ramos Angel"]
[Black "Larrosa Moles Cesar"]
[Result "1-0"]
[WhiteElo "2004"]
[BlackElo "1653"]

1.d4 d5 2.Nf3 Nf6 3.Nbd2 c6 4.e3 Nbd7 5.Qe2 g6 6.e4 Nxe4 7.Nxe4 dxe4 8.Qxe4
Nf6 9.Qh4 Bd7 10.Bc4 e6 11.Bg5 Be7 12.O-O Nd5 13.Rfe1 Bxg5 14.Qxg5 Qxg5 15.
Nxg5 Ke7 16.g3 h6 17.Ne4 f5 18.Nc5 b6 19.Nd3 Kf6 20.Re2 Rae8 21.Rae1 Re7 22.
Ne5 Rhe8 23.f4 Rg7 24.h4 h5 25.Kg2 Rh7 26.a3 b5 27.Bb3 Rhe7 28.a4 a6 29.axb5
cxb5 30.Bxd5 exd5 31.Nxd7+ Kf7 32.Rxe7+ Rxe7 33.Rxe7+ Kxe7 34.Ne5 Kf6 35.b4
Ke6 36.Nxg6 Kf6 1-0

[Event "Campeonato de Aragon por Equipos 2009"]
[Site "Aragon"]
[Date "2009.01.31"]
[Round "2.25"]
[White "Casado Dominguez Juan Manuel"]
[Black "Romon Poves Raul"]
[Result "0-1"]
[WhiteElo "2180"]
[BlackElo "2251"]

1.e4 e5 2.Nf3 Nc6 3.Bc4 Bc5 4.O-O Nf6 5.d3 d6 6.Bg5 h6 7.Bh4 g5 8.Bg3 Bg4 9.h3
Bxf3 10.Qxf3 h5 11.h4 Nd4 12.Qd1 Ng4 13.c3 gxh4 14.cxd4 hxg3 15.Bxf7+ Kxf7 16.
fxg3+ Kg7 17.dxc5 Qg5 18.Qd2 Qe3+ 19.Qxe3 Nxe3 20.Rc1 Raf8 21.Nd2 Kh6 22.Nc4
Nxc4 23.Rxc4 Rhg8 24.cxd6 cxd6 25.d4 Rxg3 26.dxe5 dxe5 27.Rf1 Rf4 28.Rc8 h4
29.Rxf4 exf4 30.Rf8 Kg5 31.Rf5+ Kg4 32.Kf2 Rd3 33.Rd5 Re3 34.Rd7 Rxe4 35.Rxb7
a5 36.Rg7+ Kf5 37.Rh7 Kg5 38.Rb7 a4 39.a3 Rd4 40.Rb4 Rd2+ 41.Kf3 Rd3+ 42.Ke2
Re3+ 43.Kf2 Kg4 44.Rxa4 h3 45.gxh3+ Rxh3 46.Rb4 Rh2+ 47.Kg1 Rc2 48.a4 Kg3 49.
Rb3+ f3 50.Rc3 Rxb2 51.Rc1 Rg2+ 0-1

[Event "Campeonato de Aragon por Equipos 2009"]
[Site "Aragon"]
[Date "2009.01.31"]
[Round "2.26"]
[White "Argueso Pascual Jorge"]
[Black "Hernandez Delgado Gabriel"]
[Result "1/2-1/2"]
[WhiteElo "1978"]
[BlackElo "2023"]

1.d4 d6 2.e4 g6 3.Nf3 Bg7 4.c4 Nd7 5.Nc3 h6 6.Be2 e5 7.O-O Ne7 8.Be3 O-O 9.Qd2
Kh7 10.Rad1 Nc6 11.c5 exd4 12.Nxd4 Nxd4 13.Bxd4 Bxd4 14.Qxd4 Nxc5 15.e5 Be6
16.b4 Nd7 17.exd6 cxd6 18.Qxd6 Qb6 19.Bf3 Qxd6 20.Rxd6 Rac8 21.Na4 Rc4 22.a3
b6 23.Rfd1 Nf6 24.h3 Rfc8 25.Rd8 R8c7 26.R8d2 Rc1 27.Rxc1 Rxc1+ 28.Rd1 Rc2 29.
Ra1 Bd7 30.Bd1 Rc7 31.Bb3 Kg7 32.Nb2 Rc3 33.Bd1 Nd5 34.Bf3 Nf4 35.Nd1 Rd3 36.
Ne3 Be6 37.Kf1 Rd2 38.Be4 1/2-1/2

[Event "Campeonato de Aragon por Equipos 2009"]
[Site "Aragon"]
[Date "2009.01.31"]
[Round "2.27"]
[White "De la Riva Fernandez Eduardo"]
[Black "Argueso Palomino Manuel"]
[Result "1-0"]
[WhiteElo "1972"]
[BlackElo "1832"]

1.e4 c6 2.d4 d5 3.e5 e6 4.f4 c5 5.c3 Nc6 6.Nf3 Be7 7.Be3 c4 8.Be2 Nh6 9.O-O
O-O 10.Nbd2 Ng4 11.Bf2 f6 12.h3 Nxf2 13.Rxf2 fxe5 14.fxe5 Bd7 15.Qc2 Bg5 16.
Nxg5 Qxg5 17.Raf1 Qe3 18.Nf3 Ne7 19.Qd2 Nf5 20.g4 Qxd2 21.Nxd2 Nh4 22.Kh2
Rxf2+ 23.Rxf2 a5 24.Kg3 Ng6 25.Bd1 b5 26.Bc2 b4 27.Nb1 bxc3 28.Bxg6 hxg6 29.
Nxc3 Rb8 30.Kh4 Rb7 31.Kg5 Bc8 32.Nd1 a4 33.a3 Rb3 34.Nc3 Rb7 35.h4 Rf7 36.
Rxf7 Kxf7 37.Ne2 Bd7 38.Nf4 Be8 39.Nxg6 Bd7 40.Nf4 Be8 41.h5 Bd7 42.h6 gxh6+
43.Kxh6 Be8 44.g5 1-0

[Event "Campeonato de Aragon por Equipos 2009"]
[Site "Aragon"]
[Date "2009.01.31"]
[Round "2.30"]
[White "Accattato Martin Mario"]
[Black "Garcia Vicente Nieves"]
[Result "1-0"]
[WhiteElo "2084"]
[BlackElo "2228"]

1.e4 e5 2.Nf3 Nc6 3.d4 exd4 4.Nxd4 Nf6 5.Nc3 Bb4 6.Nxc6 bxc6 7.Bd3 d5 8.exd5
cxd5 9.O-O O-O 10.Bg5 c6 11.Na4 Bd6 12.c3 h6 13.Bh4 Rb8 14.Bc2 Ba6 15.Re1 g5
16.Bg3 Bb5 17.b4 Bxg3 18.hxg3 Bxa4 19.Bxa4 Ne4 20.Qd4 Qb6 21.Rxe4 dxe4 22.Qxe4
c5 23.bxc5 Qxc5 24.Bc2 f5 25.Qe6+ Kg7 26.Rd1 Rb7 27.Rd6 Qxc3 28.Qxh6+ Kg8 29.
Bb3+ Rxb3 30.axb3 Qa1+ 31.Kh2 Qh8 32.Qxh8+ Kxh8 33.Rd7 a6 34.Rd6 Rb8 35.Rxa6
Rxb3 36.Ra5 Kg7 37.Rxf5 Kg6 38.g4 Rb4 39.f3 Rb2 40.Rd5 Rb6 41.Rd2 Kf6 42.g3
Rb4 43.Kg2 Ke6 44.Kf2 Kf6 45.Ke3 Rb3+ 46.Rd3 Rb1 47.f4 Rb6 48.Rd5 Rb3+ 49.Kf2
Rb2+ 50.Kf3 Rb3+ 51.Kg2 gxf4 52.gxf4 Ke6 53.Rd2 Ra3 54.Rf2 Kf6 55.Rf3 Ra1 56.
Rb3 Ra6 57.Kg3 Kg6 58.Kh4 Rc6 59.f5+ Kf6 60.Re3 Rc1 61.Re6+ Kf7 62.Kg5 Ra1 63.
Rh6 Kg7 64.f6+ Kf7 65.Rh7+ 1-0

[Event "Campeonato de Aragon por Equipos 2009"]
[Site "Aragon"]
[Date "2009.01.31"]
[Round "2.31"]
[White "Cabrera Moreno Daniel"]
[Black "Cid Royo Oscar"]
[Result "1-0"]
[WhiteElo "2207"]
[BlackElo "2080"]

1.d4 d5 2.c4 c6 3.Qc2 Nf6 4.Nf3 g6 5.g3 Bg7 6.Bg2 O-O 7.O-O Bf5 8.Qb3 Qb6 9.
Nc3 dxc4 10.Qxc4 Rd8 11.Rd1 Be6 12.Qd3 Na6 13.e4 Ng4 14.h3 Ne5 15.Nxe5 Bxe5
16.d5 cxd5 17.exd5 Bf5 18.Qe2 Bd6 19.Be3 Qa5 20.a3 Nc7 21.b4 Qa6 22.Qd2 Be5
23.Bd4 Bxd4 24.Qxd4 Nb5 25.Nxb5 Qxb5 26.Rac1 Rac8 27.Qxa7 Bc2 28.Re1 Bb3 29.
Rxc8 Rxc8 30.d6 exd6 31.Qxb7 Qxb7 32.Bxb7 Rc7 33.Rb1 Ba4 34.Bd5 Bb5 35.a4 Bxa4
36.b5 Rc8 37.b6 Bd7 38.b7 Rb8 39.Ra1 1-0

[Event "Campeonato de Aragon por Equipos 2009"]
[Site "Aragon"]
[Date "2009.01.31"]
[Round "2.32"]
[White "Accattato Martin Nicola"]
[Black "Ferrer Serrano Roberto"]
[Result "0-1"]
[WhiteElo "1875"]
[BlackElo "2192"]

1.e4 c5 2.Nf3 Nc6 3.d4 cxd4 4.Nxd4 Nf6 5.Nc3 e5 6.Ndb5 d6 7.Bg5 a6 8.Na3 b5 9.
Nd5 Be7 10.Bxf6 Bxf6 11.c3 O-O 12.Nc2 Bg5 13.a4 bxa4 14.Rxa4 a5 15.Bb5 Bb7 16.
Nce3 Rb8 17.Nf5 Na7 18.h4 Bf6 19.c4 Bxd5 20.Qxd5 Qb6 21.Qxd6 Nxb5 22.Qxb6 Rxb6
23.cxb5 Rxb5 24.O-O Rd8 25.g3 Rd2 26.Ne3 Rdxb2 27.Nc4 R2b4 28.Rxa5 Rxa5 29.
Nxa5 Rxe4 30.Nb3 Re2 31.Kg2 e4 32.Nc1 Rc2 33.Re1 h5 34.Ne2 Be5 35.Ng1 f5 36.
Nh3 Bd4 37.Rd1 Bxf2 38.Nxf2 e3 39.Kf3 exf2 40.Kg2 Re2 41.Rd5 g6 42.Rd7 Kf8 43.
Kf1 Rb2 44.Rc7 f4 {Tiempo} 0-1

[Event "Campeonato de Aragon por Equipos 2009"]
[Site "Aragon"]
[Date "2009.01.31"]
[Round "2.33"]
[White "Garza Marco Sergio"]
[Black "Cebrian Valverde Jose Antonio"]
[Result "1-0"]
[WhiteElo "2386"]
[BlackElo "2200"]

1.Nf3 f5 2.g3 Nf6 3.Bg2 g6 4.b4 Bg7 5.Bb2 O-O 6.c4 d6 7.d4 h6 8.Nbd2 g5 9.e3
Qe8 10.d5 a5 11.a3 Na6 12.Qb3 Bd7 13.Nd4 c6 14.h4 cxd5 15.cxd5 Ba4 16.Qa2 axb4
17.hxg5 hxg5 18.Nxf5 Nc5 19.Qb1 Rf7 20.axb4 Ncd7 21.Nf3 Ne5 22.Nxg5 Qb5 23.
Bxe5 dxe5 24.Rh4 Ra6 25.Bf1 Qxd5 26.Bxa6 bxa6 27.Rxa4 e4 28.Qa2 1-0

[Event "Campeonato de Aragon por Equipos 2009"]
[Site "Aragon"]
[Date "2009.01.31"]
[Round "2.34"]
[White "Gimeno Oteo Marco Antonio"]
[Black "Lamas Mercadal Manuel"]
[Result "1/2-1/2"]
[WhiteElo "2161"]
[BlackElo "2225"]

1.e4 c5 2.Nf3 d6 3.d4 cxd4 4.Nxd4 Nf6 5.Nc3 g6 6.Be3 Bg7 7.Be2 Nc6 8.O-O O-O
9.Nb3 Be6 10.f4 Rc8 11.Qd2 Na5 12.Nxa5 Qxa5 13.Rad1 Rxc3 14.Qxc3 Qxc3 15.bxc3
Nxe4 16.Bd3 Nxc3 17.Rde1 b6 18.a3 Rc8 19.Bd2 Bd4+ 20.Be3 Bxe3+ 21.Rxe3 Rc5 22.
f5 gxf5 23.Rg3+ Kh8 24.Rf4 Nd5 25.Rd4 Rc7 26.Rf3 Nc3 27.Rh4 Ne4 28.Rff4 d5 29.
h3 Bd7 30.Rh6 Kg7 31.Rfh4 Nf6 32.g4 fxg4 33.hxg4 Nxg4 34.Rxh7+ Kf6 35.Be2 Rc3
36.Bxg4 Rg3+ 37.Kf2 Rxg4 38.R4h5 Bf5 39.R7h6+ Rg6 40.Rh8 Be4 41.c3 Rg2+ 42.Ke1
Ra2 43.R8h6+ Kg7 44.Rc6 e6 45.Rg5+ Bg6 46.c4 dxc4 47.Rxc4 Rxa3 48.Rgg4 b5 49.
Rc5 a6 50.Kd2 Rd3+ 51.Kc1 Rd6 52.Kb2 Kf6 53.Kc3 Bf5 54.Rd4 Rxd4 55.Kxd4 Bg4
56.Ke3 Bh3 57.Kf2 e5 58.Rc6+ Be6 59.Rxa6 b4 60.Ke3 Kf5 61.Ra1 b3 62.Rf1+ Kg6
63.Ke4 f6 64.Rf2 Kg7 65.Rh2 Bf7 66.Kf5 Bg6+ 67.Ke6 e4 68.Rf2 e3 69.Rg2 f5 70.
Ke5 Kf7 71.Rb2 f4 72.Kxf4 1/2-1/2